[Event "XXXIII Torneo B di Capodanno"]
[Site "Reggio nell'Emilia ITA"]
[Date "1991.01.15"]
[Round "7"]
[White "Braga, Fernando Alberto"]
[Black "Belotti, Bruno"]
[Result "0-1"]
[WhiteElo "2445"]
[BlackElo "2460"]
[PlyCount "96"]
[EventDate "1991.01.08"]

1. d4 Nf6 2. c4 g6 3. Nc3 Bg7 4. e4 d6 5. f4 O-O 6. Nf3 c5 7. dxc5 Qa5 8. Bd3
Qxc5 9. Qe2 Nc6 10. Be3 Qa5 11. Rc1 Bg4 12. O-O Nd7 13. Qd2 Nc5 14. Bb1 Bxf3
15. Rxf3 Qb4 16. Rf2 Qxc4 17. Nd5 Qa4 18. b3 Qa3 19. e5 Na6 20. e6 fxe6 21. Rc4
Qb2 22. Nxe7+ Nxe7 23. Qxb2 Bxb2 24. Rxb2 Nd5 25. Bd2 Nc5 26. b4 Na4 27. Rbc2
Nab6 28. Re4 Kf7 29. b5 Rac8 30. a4 Nf6 31. Rb4 Rxc2 32. Bxc2 Rc8 33. Bd3 d5
34. h3 Nc4 35. Be1 b6 36. Kf2 Nd6 37. Ke2 Nfe4 38. Ke3 Rc1 39. Rb1 Nf5+ 40. Ke2
Nd4+ 41. Ke3 Nf5+ 42. Ke2 Rxb1 43. Bxb1 Nc5 44. g4 Nd4+ 45. Ke3 Ndb3 46. Bc2
d4+ 47. Ke2 d3+ 48. Bxd3 Nc1+ 0-1

[Event "XXXIII Torneo B di Capodanno"]
[Site "Reggio nell'Emilia ITA"]
[Date "1991.01.15"]
[Round "7"]
[White "Cebalo, Miso"]
[Black "Beil, Zdenek"]
[Result "1-0"]
[WhiteElo "2540"]
[BlackElo "2345"]
[PlyCount "111"]
[EventDate "1991.01.08"]

1. Nf3 Nf6 2. c4 c6 3. d4 d5 4. Nc3 dxc4 5. a4 Bg4 6. e4 e6 7. Bxc4 Bb4 8. Qd3
Bxf3 9. gxf3 Nbd7 10. Be3 Qc7 11. Ke2 Rd8 12. Qc2 O-O 13. Qb3 a5 14. Rac1 Nh5
15. h4 Nb6 16. e5 Bxc3 17. bxc3 Nxc4 18. Qxc4 Rd5 19. Rb1 f6 20. f4 Qf7 21.
Rhg1 g6 22. Kd2 fxe5 23. fxe5 Nf4 24. Rg3 Qd7 25. Rf3 Nh5 26. Rxf8+ Kxf8 27.
Qd3 Qf7 28. Qe4 Ng7 29. Ke2 Nf5 30. h5 g5 31. h6 Rd7 32. Rg1 Qh5+ 33. Qf3 Qxf3+
34. Kxf3 Nxh6 35. Bxg5 Nf5 36. Rh1 b5 37. Rb1 b4 38. cxb4 axb4 39. Rxb4 Nxd4+
40. Ke4 c5 41. Rc4 Nb3 42. Be3 Nd2+ 43. Bxd2 Rxd2 44. a5 Rxf2 45. Ra4 Rf7 46.
a6 Ra7 47. Kd3 Kg7 48. Kc4 Kg6 49. Kxc5 Kf5 50. Kb6 Ra8 51. Ra5 h5 52. Kb7 Rg8
53. a7 Rg7+ 54. Kc6 Rxa7 55. Rxa7 Kxe5 56. Ra4 1-0

[Event "XXXIII Torneo B di Capodanno"]
[Site "Reggio nell'Emilia ITA"]
[Date "1991.01.15"]
[Round "7"]
[White "Godena, Michele"]
[Black "Nemet, Ivan"]
[Result "1/2-1/2"]
[WhiteElo "2405"]
[BlackElo "2450"]
[PlyCount "40"]
[EventDate "1991.01.08"]

1. e4 c5 2. c3 d5 3. exd5 Qxd5 4. d4 cxd4 5. cxd4 g6 6. Nc3 Qd8 7. Bc4 Bg7 8.
Qb3 e6 9. d5 exd5 10. Nxd5 Nc6 11. Bf4 Nd4 12. Qe3+ Be6 13. Rc1 Rc8 14. Ne2
Rxc4 15. Rxc4 Qxd5 16. Rc8+ Kd7 17. Rc7+ Ke8 18. Rc8+ Kd7 19. Rc7+ Ke8 20. Rc8+
Kd7 1/2-1/2

[Event "XXXIII Torneo B di Capodanno"]
[Site "Reggio nell'Emilia ITA"]
[Date "1991.01.15"]
[Round "7"]
[White "Vezzosi, Paolo"]
[Black "Mokry, Karel"]
[Result "1/2-1/2"]
[WhiteElo "2325"]
[BlackElo "2510"]
[PlyCount "28"]
[EventDate "1991.01.08"]

1. d4 Nf6 2. c4 e6 3. Nf3 Bb4+ 4. Bd2 c5 5. Bxb4 cxb4 6. g3 O-O 7. Bg2 d6 8.
Nbd2 Nc6 9. Nf1 e5 10. Ne3 Ng4 11. Nd5 e4 12. Nd2 e3 13. fxe3 Be6 14. Nf1 Bxd5
1/2-1/2

[Event "XXXIII Torneo B di Capodanno"]
[Site "Reggio nell'Emilia ITA"]
[Date "1991.01.16"]
[Round "8"]
[White "Beil, Zdenek"]
[Black "Vezzosi, Paolo"]
[Result "1/2-1/2"]
[WhiteElo "2345"]
[BlackElo "2325"]
[PlyCount "76"]
[EventDate "1991.01.08"]

1. Nf3 f5 2. g3 Nf6 3. Bg2 g6 4. O-O Bg7 5. d4 O-O 6. c4 d6 7. Nc3 Qe8 8. d5
Na6 9. Nd4 Bd7 10. Rb1 c6 11. e3 Rc8 12. Qe2 Nc5 13. Bd2 g5 14. f4 gxf4 15.
Rxf4 Qg6 16. Bh3 Nh5 17. Rf3 f4 18. Bxd7 Nxd7 19. Rbf1 fxg3 20. Rxf8+ Rxf8 21.
h3 Ne5 22. Rxf8+ Bxf8 23. Kg2 Ng7 24. Nf3 Nf5 25. Nxe5 Nh4+ 26. Kg1 dxe5 27. e4
h5 28. Qe3 e6 29. dxc6 bxc6 30. Na4 g2 31. Be1 Bh6 32. Qe2 Bf4 33. Bf2 Bg3 34.
Nc5 Qg5 35. Nd3 a6 36. b4 Qg6 37. Nc5 Qg5 38. Nd3 Qg6 1/2-1/2

[Event "XXXIII Torneo B di Capodanno"]
[Site "Reggio nell'Emilia ITA"]
[Date "1991.01.16"]
[Round "8"]
[White "Manca, Federico"]
[Black "Cebalo, Miso"]
[Result "0-1"]
[WhiteElo "2420"]
[BlackElo "2540"]
[PlyCount "72"]
[EventDate "1991.01.08"]

1. e4 c5 2. c3 d6 3. d4 Nf6 4. Bd3 cxd4 5. cxd4 g6 6. Ne2 Bg7 7. O-O O-O 8. Nd2
Nc6 9. b3 Bd7 10. Bb2 Nb4 11. Bb1 Bb5 12. Nf3 d5 13. e5 Ne4 14. Re1 Rc8 15. Nf4
Bh6 16. Nxd5 Nxf2 17. Nxe7+ Qxe7 18. Kxf2 Rfd8 19. Be4 Qe6 20. Bc1 Bxc1 21.
Rxc1 Nxa2 22. Rxc8 Rxc8 23. Qd2 Nc3 24. Bxb7 Rc7 25. Ba8 Qc8 26. Qh6 Qxa8 27.
Ng5 f6 28. exf6 Qd5 29. f7+ Rxf7+ 30. Nxf7 Qxf7+ 31. Kg1 Ne2+ 32. Kh1 Qf2 33.
Ra1 Qxd4 34. Re1 Nf4 35. h3 Qf2 36. Rg1 Qg3 0-1

[Event "XXXIII Torneo B di Capodanno"]
[Site "Reggio nell'Emilia ITA"]
[Date "1991.01.16"]
[Round "8"]
[White "Mokry, Karel"]
[Black "Cvitan, Ognjen"]
[Result "1/2-1/2"]
[WhiteElo "2510"]
[BlackElo "2535"]
[PlyCount "34"]
[EventDate "1991.01.08"]

1. e4 c5 2. Nf3 e6 3. d4 cxd4 4. Nxd4 Nf6 5. Nc3 d6 6. f4 a6 7. Be2 Be7 8. O-O
Qc7 9. a4 Nc6 10. Be3 O-O 11. Kh1 Re8 12. Bf3 Rb8 13. Qd2 Bd7 14. Nb3 b6 15. g4
Bc8 16. g5 Nd7 17. Bg2 Nf8 1/2-1/2

[Event "XXXIII Torneo B di Capodanno"]
[Site "Reggio nell'Emilia ITA"]
[Date "1991.01.16"]
[Round "8"]
[White "Nemet, Ivan"]
[Black "Ceschia, Ivano"]
[Result "1-0"]
[WhiteElo "2450"]
[BlackElo "2340"]
[PlyCount "55"]
[EventDate "1991.01.08"]

1. d4 d5 2. Nf3 Nf6 3. c4 e6 4. cxd5 exd5 5. Nc3 Be7 6. Bg5 O-O 7. e3 c6 8. Qc2
Nbd7 9. Bd3 Re8 10. O-O Nf8 11. h3 Be6 12. Bxf6 Bxf6 13. b4 Qd6 14. b5 Rec8 15.
bxc6 Rxc6 16. Qd2 Rac8 17. Ne2 Ng6 18. Rfb1 R6c7 19. a4 Ne7 20. Rb3 Bf5 21.
Rab1 Bxd3 22. Qxd3 b6 23. g4 g6 24. Kg2 Rc2 25. Nc3 R8xc3 26. Rxc3 Ra2 27. Qb5
h6 28. Qb3 1-0

[Event "XXXIII Torneo B di Capodanno"]
[Site "Reggio nell'Emilia ITA"]
[Date "1991.01.17"]
[Round "9"]
[White "Arlandi, Ennio"]
[Black "Godena, Michele"]
[Result "1-0"]
[WhiteElo "2400"]
[BlackElo "2405"]
[PlyCount "81"]
[EventDate "1991.01.08"]

1. d4 Nf6 2. c4 e6 3. Nc3 Bb4 4. Qc2 O-O 5. a3 Bxc3+ 6. Qxc3 b6 7. Bg5 Bb7 8.
Nh3 h6 9. Bh4 d5 10. cxd5 exd5 11. e3 g5 12. Bg3 c5 13. dxc5 Ne4 14. Qc2 Nxc5
15. b4 Ne6 16. Bd3 Nd7 17. Rd1 Rc8 18. Qb1 Qf6 19. O-O h5 20. f4 g4 21. Ng5 Qg7
22. Nh7 Rfe8 23. f5 Nef8 24. f6 Qh8 25. Bf5 Rc3 26. Bh4 Ne5 27. Nxf8 Rxf8 28.
Bg5 Re8 29. Rc1 Rc4 30. Rxc4 dxc4 31. Qd1 Bc8 32. Qa4 Rd8 33. Bxc8 Rxc8 34. Qb5
Ng6 35. Qd7 Rf8 36. e4 Qh7 37. Rf5 h4 38. Bd2 g3 39. h3 Ra8 40. Qd5 Rc8 41. Rh5
1-0

[Event "XXXIII Torneo B di Capodanno"]
[Site "Reggio nell'Emilia ITA"]
[Date "1991.01.17"]
[Round "9"]
[White "Braga, Fernando Alberto"]
[Black "Nemet, Ivan"]
[Result "1-0"]
[WhiteElo "2445"]
[BlackElo "2450"]
[PlyCount "79"]
[EventDate "1991.01.08"]

1. d4 Nf6 2. c4 g6 3. Nc3 Bg7 4. e4 d6 5. f4 c5 6. dxc5 Qa5 7. Bd3 Qxc5 8. Nf3
O-O 9. Qe2 Nc6 10. Be3 Qa5 11. Rc1 e5 12. O-O Bg4 13. Qf2 exf4 14. Bxf4 Bxf3
15. Qxf3 Ne5 16. Qe2 Rfe8 17. Kh1 Rac8 18. b3 a6 19. Bd2 Qc5 20. Bb1 Ned7 21.
Be3 Qb4 22. Qd1 Re6 23. Bg5 Rce8 24. Nd5 Qc5 25. b4 Qc8 26. Qf3 h6 27. Bh4 Rf8
28. Qb3 Qb8 29. c5 dxc5 30. Nf4 Rb6 31. Nxg6 Rxb4 32. Ne7+ Kh8 33. Qh3 Rb6 34.
Nf5 Rg8 35. Bg3 Qe8 36. e5 Nh7 37. Nd6 Rxd6 38. exd6 Ng5 39. Qf5 Qe6 40. Qc2
1-0

[Event "XXXIII Torneo B di Capodanno"]
[Site "Reggio nell'Emilia ITA"]
[Date "1991.01.17"]
[Round "9"]
[White "Cebalo, Miso"]
[Black "Belotti, Bruno"]
[Result "1-0"]
[WhiteElo "2540"]
[BlackElo "2460"]
[PlyCount "55"]
[EventDate "1991.01.08"]

1. d4 Nf6 2. Nf3 g6 3. c4 Bg7 4. Nc3 d6 5. e4 O-O 6. Be2 e5 7. O-O Nc6 8. Be3
Ng4 9. Bg5 f6 10. Bc1 Kh8 11. h3 exd4 12. Nxd4 Nxd4 13. Qxd4 f5 14. Qd1 Ne5 15.
exf5 Bxf5 16. Be3 Be6 17. c5 Nc4 18. Bxc4 Bxc4 19. Re1 dxc5 20. Qa4 Bd3 21.
Bxc5 Re8 22. Be3 b6 23. Qc6 Rf8 24. Rad1 Rf6 25. Qb7 Rd6 26. Bf4 Rd7 27. Bg5
Qc8 28. Qf3 1-0

[Event "XXXIII Torneo B di Capodanno"]
[Site "Reggio nell'Emilia ITA"]
[Date "1991.01.17"]
[Round "9"]
[White "Cvitan, Ognjen"]
[Black "Beil, Zdenek"]
[Result "1-0"]
[WhiteElo "2535"]
[BlackElo "2345"]
[PlyCount "69"]
[EventDate "1991.01.08"]

1. Nf3 Nf6 2. c4 c6 3. Nc3 d5 4. e3 g6 5. d4 Bg7 6. Be2 O-O 7. O-O Be6 8. cxd5
Bxd5 9. Qc2 Bxf3 10. Bxf3 Nbd7 11. Rd1 Qc7 12. e4 e5 13. d5 cxd5 14. exd5 Rac8
15. d6 Qb8 16. Be3 Rfd8 17. Qb3 Nc5 18. Qa3 b6 19. Nb5 e4 20. Be2 Ne6 21. Nxa7
Rc2 22. Rac1 Rxe2 23. Nc6 Qb7 24. Nxd8 Nxd8 25. Rf1 Rxe3 26. Qxe3 Ne6 27. Qc3
Nf8 28. Qc8 Qd7 29. Qxd7 N6xd7 30. b4 b5 31. Rc5 f5 32. Rxb5 Kf7 33. a4 Ne6 34.
a5 Bd4 35. Rb7 1-0

[Event "XXXIII Torneo B di Capodanno"]
[Site "Reggio nell'Emilia ITA"]
[Date "1991.01.17"]
[Round "9"]
[White "Vezzosi, Paolo"]
[Black "Manca, Federico"]
[Result "0-1"]
[WhiteElo "2325"]
[BlackElo "2420"]
[PlyCount "70"]
[EventDate "1991.01.08"]

1. e4 d6 2. d4 Nf6 3. Nc3 g6 4. Nf3 Bg7 5. h3 O-O 6. Be3 c6 7. a4 d5 8. Bd3
dxe4 9. Nxe4 Nxe4 10. Bxe4 Qb6 11. Qc1 c5 12. a5 Qe6 13. Ng5 Qd7 14. dxc5 h6
15. Nf3 f5 16. Bd3 Kh7 17. Bc4 e5 18. h4 f4 19. Ng5+ Kh8 20. Bd2 Qg4 21. Be2 f3
22. Bxf3 Rxf3 23. gxf3 Qg2 24. Nf7+ Kg8 25. Nxh6+ Bxh6 26. Ke2 Nc6 27. Bxh6
Nd4+ 28. Kd3 Bf5+ 29. Kc4 Qxf2 30. Qd2 Qxf3 31. Qe3 Be6+ 32. Kc3 Qd5 33. Qd3
Qxc5+ 34. Kd2 Bf5 35. Qc3 Qd5 0-1

[Event "XXXIII Torneo B di Capodanno"]
[Site "Reggio nell'Emilia ITA"]
[Date "1991.01.18"]
[Round "10"]
[White "Belotti, Bruno"]
[Black "Vezzosi, Paolo"]
[Result "0-1"]
[WhiteElo "2460"]
[BlackElo "2325"]
[PlyCount "66"]
[EventDate "1991.01.08"]

1. e4 Nf6 2. e5 Nd5 3. d4 d6 4. Nf3 g6 5. Bc4 c6 6. O-O Bg7 7. h3 O-O 8. Qe2
Na6 9. Bb3 dxe5 10. Nxe5 Be6 11. Nxc6 bxc6 12. Qxa6 Bxd4 13. Qxc6 Rc8 14. Qb5
Rc5 15. Qe2 Qb8 16. c3 Be5 17. Na3 Bh2+ 18. Kh1 Bf4 19. Be3 Bxe3 20. fxe3 Qe5
21. Nc2 Bf5 22. Rfe1 Be4 23. Qf2 Qh5 24. Kh2 Nf6 25. Qe2 Rg5 26. Nd4 Rxg2+ 27.
Qxg2 Bxg2 28. Kxg2 Qg5+ 29. Kf3 e5 30. Ne2 Qf5+ 31. Kg2 Ne4 32. Rf1 Qg5+ 33.
Kh2 Qxe3 0-1

[Event "XXXIII Torneo B di Capodanno"]
[Site "Reggio nell'Emilia ITA"]
[Date "1991.01.18"]
[Round "10"]
[White "Braga, Fernando Alberto"]
[Black "Arlandi, Ennio"]
[Result "1/2-1/2"]
[WhiteElo "2445"]
[BlackElo "2400"]
[PlyCount "29"]
[EventDate "1991.01.08"]

1. d4 d5 2. c4 e6 3. Nc3 Be7 4. Nf3 Nf6 5. Bg5 h6 6. Bxf6 Bxf6 7. e3 O-O 8. Rc1
c6 9. Bd3 Nd7 10. O-O dxc4 11. Bxc4 e5 12. h3 exd4 13. exd4 Nb6 14. Bb3 Bf5 15.
Re1 1/2-1/2

[Event "XXXIII Torneo B di Capodanno"]
[Site "Reggio nell'Emilia ITA"]
[Date "1991.01.18"]
[Round "10"]
[White "Godena, Michele"]
[Black "Cebalo, Miso"]
[Result "1/2-1/2"]
[WhiteElo "2405"]
[BlackElo "2540"]
[PlyCount "20"]
[EventDate "1991.01.08"]

1. e4 c5 2. c3 d6 3. d4 Nf6 4. Bd3 cxd4 5. cxd4 g6 6. h3 Bg7 7. Nf3 O-O 8. O-O
Nc6 9. Nc3 e5 10. dxe5 dxe5 1/2-1/2

[Event "XXXIII Torneo B di Capodanno"]
[Site "Reggio nell'Emilia ITA"]
[Date "1991.01.18"]
[Round "10"]
[White "Manca, Federico"]
[Black "Cvitan, Ognjen"]
[Result "0-1"]
[WhiteElo "2420"]
[BlackElo "2535"]
[PlyCount "30"]
[EventDate "1991.01.08"]

1. e4 c5 2. c3 d5 3. exd5 Qxd5 4. d4 g6 5. Be3 cxd4 6. cxd4 Bg7 7. Nc3 Qa5 8.
Bc4 Nh6 9. Nf3 Nf5 10. O-O O-O 11. Bf4 Nc6 12. d5 Qb4 13. Nd2 Na5 14. Qe2 Nd4
15. Qd3 Bf5 0-1

[Event "XXXIII Torneo B di Capodanno"]
[Site "Reggio nell'Emilia ITA"]
[Date "1991.01.18"]
[Round "10"]
[White "Nemet, Ivan"]
[Black "Mokry, Karel"]
[Result "1/2-1/2"]
[WhiteElo "2450"]
[BlackElo "2510"]
[PlyCount "21"]
[EventDate "1991.01.08"]

1. d4 d5 2. c4 c6 3. cxd5 cxd5 4. Nc3 Nf6 5. Nf3 Nc6 6. Bf4 Bf5 7. e3 e6 8. Bd3
Bxd3 9. Qxd3 Be7 10. O-O O-O 11. Rfc1 1/2-1/2

[Event "XXXIII Torneo B di Capodanno"]
[Site "Reggio nell'Emilia ITA"]
[Date "1991.01.20"]
[Round "11"]
[White "Arlandi, Ennio"]
[Black "Nemet, Ivan"]
[Result "1-0"]
[WhiteElo "2400"]
[BlackElo "2450"]
[PlyCount "77"]
[EventDate "1991.01.08"]

1. d4 Nf6 2. c4 g6 3. Nc3 Bg7 4. e4 d6 5. Nf3 O-O 6. Be2 e5 7. O-O Nc6 8. d5
Ne7 9. Nd2 c5 10. Rb1 Nd7 11. Nb5 Nb8 12. a3 f5 13. b4 Na6 14. Bd3 Kh8 15. Nc3
Ng8 16. bxc5 Nxc5 17. Nb3 Nf6 18. Nxc5 dxc5 19. a4 a5 20. exf5 gxf5 21. Bg5 Qe8
22. Rb6 Qf7 23. Be2 Ra6 24. Rxa6 bxa6 25. Qd2 Qg6 26. Rb1 Nd7 27. Be7 Rg8 28.
Qg5 Bh6 29. Qxg6 hxg6 30. d6 Bd2 31. Nd5 Kg7 32. h4 Bb4 33. Rb3 Rh8 34. h5 gxh5
35. Rg3+ Kf7 36. Rg5 Nf8 37. Bxh5+ Ke6 38. Nc7+ Kd7 39. Be8# 1-0

[Event "XXXIII Torneo B di Capodanno"]
[Site "Reggio nell'Emilia ITA"]
[Date "1991.01.20"]
[Round "11"]
[White "Cebalo, Miso"]
[Black "Braga, Fernando Alberto"]
[Result "1/2-1/2"]
[WhiteElo "2540"]
[BlackElo "2445"]
[PlyCount "25"]
[EventDate "1991.01.08"]

1. d4 Nf6 2. Nf3 d5 3. c4 e6 4. Nc3 Bb4 5. Bg5 Nbd7 6. cxd5 exd5 7. Rc1 c5 8.
dxc5 Nxc5 9. Qd4 Bxc3+ 10. Rxc3 Nce4 11. Bxf6 Qxf6 12. Qxf6 Nxf6 13. e3 1/2-1/2

[Event "XXXIII Torneo B di Capodanno"]
[Site "Reggio nell'Emilia ITA"]
[Date "1991.01.20"]
[Round "11"]
[White "Ceschia, Ivano"]
[Black "Manca, Federico"]
[Result "1/2-1/2"]
[WhiteElo "2340"]
[BlackElo "2420"]
[PlyCount "26"]
[EventDate "1991.01.08"]

1. e4 d6 2. d4 Nf6 3. Nc3 g6 4. g3 Bg7 5. Bg2 O-O 6. Nge2 e5 7. h3 exd4 8. Nxd4
Nbd7 9. O-O Re8 10. Nb3 a5 11. a4 Nb6 12. Re1 c6 13. f4 d5 1/2-1/2

[Event "XXXIII Torneo B di Capodanno"]
[Site "Reggio nell'Emilia ITA"]
[Date "1991.01.20"]
[Round "11"]
[White "Cvitan, Ognjen"]
[Black "Belotti, Bruno"]
[Result "1-0"]
[WhiteElo "2535"]
[BlackElo "2460"]
[PlyCount "91"]
[EventDate "1991.01.08"]

1. Nf3 Nf6 2. c4 g6 3. g3 Bg7 4. Bg2 O-O 5. O-O d6 6. d4 Nc6 7. Nc3 a6 8. d5
Na5 9. Nd2 c5 10. Qc2 Rb8 11. b3 b5 12. Rb1 b4 13. Nd1 e5 14. Bb2 Nh5 15. e4
Bh6 16. Qd3 Rb7 17. Qe2 Qe8 18. Bc1 f6 19. Nb2 Re7 20. Nd3 f5 21. f3 Nb7 22. a3
a5 23. axb4 axb4 24. Ra1 Nf6 25. Ra8 Qd8 26. exf5 gxf5 27. Bh3 Qc7 28. Nf2 Ree8
29. Nde4 Bxc1 30. Nxf6+ Rxf6 31. Rxc1 Ref8 32. Rca1 Bd7 33. Qd2 Rg6 34. f4 Bc8
35. Nd3 e4 36. Nf2 h5 37. Kh1 Kg7 38. Qb2+ Kh6 39. Nd1 Rgf6 40. Ne3 Kg6 41. Ng2
R6f7 42. R1a7 Bd7 43. Qa1 Qb6 44. Kg1 Kh6 45. Nh4 Rf6 46. Rb8 1-0

[Event "XXXIII Torneo B di Capodanno"]
[Site "Reggio nell'Emilia ITA"]
[Date "1991.01.20"]
[Round "11"]
[White "Mokry, Karel"]
[Black "Beil, Zdenek"]
[Result "1/2-1/2"]
[WhiteElo "2510"]
[BlackElo "2345"]
[PlyCount "29"]
[EventDate "1991.01.08"]

1. e4 d6 2. d4 Nf6 3. Nc3 g6 4. Nf3 Bg7 5. Be2 O-O 6. O-O Bg4 7. Be3 Nc6 8. Qd2
e5 9. dxe5 dxe5 10. Rad1 Qc8 11. Qc1 Rd8 12. Rxd8+ Qxd8 13. Rd1 Qf8 14. h3 Bxf3
15. Bxf3 1/2-1/2

[Event "XXXIII Torneo B di Capodanno"]
[Site "Reggio nell'Emilia ITA"]
[Date "1991.01.20"]
[Round "11"]
[White "Vezzosi, Paolo"]
[Black "Godena, Michele"]
[Result "1/2-1/2"]
[WhiteElo "2325"]
[BlackElo "2405"]
[PlyCount "23"]
[EventDate "1991.01.08"]

1. d4 Nf6 2. c4 c6 3. Nc3 d5 4. cxd5 cxd5 5. Bf4 Nc6 6. e3 Bf5 7. Qc2 Na5 8.
Bb5+ Bd7 9. Qa4 e6 10. Nf3 a6 11. Bxd7+ Nxd7 12. O-O 1/2-1/2